000 00310nam a2200121Ia 4500
008 220204s9999 xx 000 0 und d
082 _a577.24(035)
_bFIN
245 0 _aHandbook of the biology of aging
260 _aNew York
_bVan Nostrand
_c1977
700 _aFinch, C E
700 _aHayflick, L
942 _cBK
999 _c26870
_d26870